Nan Goldin.

Ce nouveau numéro des Cahiers de la Collection Lambert est consacré à Nan Goldin, photographe de l'intime et icône de toute une génération. Quelque quatre-vingts portraits, pris sur le vif, sont reproduits dans cet ouvrage, que l'on vit comme autant de témoignages poignants de la vie d...

Full description

Bibliographic Details
Other Authors: Goldin, Nan, 1953-
Format: Book
Language:French
English
Language Notes:Text in French and English.
Published: Arles : Actes Sud, [2020]
Series:Collection Lambert.
Subjects:

MARC

Tag First Indicator Second Indicator Subfields
LEADER 00000cam a2200000Ii 4500
001 in00004397607
008 200302t20202020fr ac 000 0 fre d
005 20250318223220.7
020 |a 9782330133290 
020 |a 2330133294 
035 |a (OCoLC)on1142360697 
035 |a (OCoLC)1142360697 
040 |a YDX  |b eng  |e rda  |c YDX  |d OCLCQ  |d AUXAM  |d ERASP  |d ZCU  |d OCLCF  |d OCLCO  |d JPG  |d UtOrBLW 
041 1 |a fre  |a eng  |h fre 
043 |a e-fr--- 
050 4 |a TR680  |b .G65 2020 
082 0 4 |a 770 
245 0 0 |a Nan Goldin. 
264 1 |a Arles :  |b Actes Sud,  |c [2020] 
264 4 |c ©2020 
300 |a 93 pages :  |b illustrations (chiefly color), portraits ;  |c 24 cm. 
336 |a text  |b txt  |2 rdacontent 
336 |a still image  |b sti  |2 rdacontent 
337 |a unmediated  |b n  |2 rdamedia 
338 |a volume  |b nc  |2 rdacarrier 
490 1 |a Les cahiers de la collection Lambert 
546 |a Text in French and English. 
520 8 |a Ce nouveau numéro des Cahiers de la Collection Lambert est consacré à Nan Goldin, photographe de l'intime et icône de toute une génération. Quelque quatre-vingts portraits, pris sur le vif, sont reproduits dans cet ouvrage, que l'on vit comme autant de témoignages poignants de la vie d'êtres chers qui se rencontrent, rient, s?enlacent, s?embrassent, s?aiment, souffrent, pleurent, meurent, et vivent de la manière la plus intense qui soit. 
505 0 |a Nan Golding, tous vous êtes formidables, tous et un par un / Stéphane Ibars -- Entretien / Stéphane Ibars avec Yvon Lambert. 
600 1 0 |a Goldin, Nan,  |d 1953-  |0 http://id.loc.gov/authorities/names/n86081484 
610 2 0 |a Collection Lambert (Avignon, France)  |0 http://id.loc.gov/authorities/names/nr2002030474 
600 1 7 |a Goldin, Nan,  |d 1953-  |2 fast  |0 (OCoLC)fst00194962 
610 2 7 |a Collection Lambert (Avignon, France)  |2 fast  |0 (OCoLC)fst00774545 
650 0 |a Portrait photography  |z France  |z Avignon. 
650 7 |a Portrait photography.  |2 fast  |0 (OCoLC)fst01072259 
651 7 |a France  |z Avignon.  |2 fast  |0 (OCoLC)fst01209584 
655 7 |a Catalogs.  |2 fast  |0 (OCoLC)fst01423692 
700 1 2 |a Goldin, Nan,  |d 1953-  |t Photographs.  |k Selections. 
730 0 2 |a Nan Goldin. 
730 0 2 |a Nan Goldin.  |l English. 
830 0 |a Collection Lambert.  |0 http://id.loc.gov/authorities/names/n2002016174 
852 8 |b pda,print  |z This title is available for the library to purchase for your use. Click the "Purchase It For Me" button to place a request. This item may take 5-10 business days to arrive. 
955 |a Print PDA title 
999 f f |s 5c3fdfbc-06cb-4908-ae95-325797cdb55a  |i 2449659e-9605-3ac8-9dad-b5c3c6115c86  |t 0 
952 f f |a Texas A&M University  |b College Station  |c Sterling C. Evans Library  |d Purchase on Demand  |t 0  |e TR680 .G65 2020  |h Library of Congress classification 
998 f f |a TR680 .G65 2020  |t 0  |l Purchase on Demand